00621nam a2200133Ia 4500008004100000100003100041245017700072260004600249300001800295650001300313856006900326999001900395952007300414160712s9999 xx 000 0 und d aSapitula, Manuel Victor J. cManuel Victor J. SapitulaaAng Pagiging Deboto Bilang Pakikipagkapwa: Isang Panimulang Pagsusuri sa mga Liham Pasasalamat ng mga Deboto ng Ina ng Laging Saklolo sa Baclaran c2013bDaluyan: Journal ng Wikang Filipino avol. 19 no. 2 xFILIPINO uhttp://journals.upd.edu.ph/index.php/djwf/issue/view/396/showToc c297284d297284 001040aCLbCLd2016-07-12l0r2016-07-12 00:00:00w2016-07-12yFEJ